A szegedi iskolabotrány újabb állomásai Az iskolák kérdése: ki fog a szülők elé állni? /

Elmentve itt :
Bibliográfiai részletek
Szerző: Panek József
Dokumentumtípus: Cikk
Megjelent: 1996-01-24
Sorozat:Délmagyarország 86 No. 20
Kulcsszavak:nevelés, oktatás
Online Access:http://dmarchiv.bibl.u-szeged.hu/116677
LEADER 00526nab a2200157 i 4500
001 delm116677
005 20191015093225.0
008 191015s1996 hu o 0|| hun d
040 |a SZTE Délmagyarország Archívum  |b hun 
041 |a hun 
100 1 |a Panek József 
245 1 2 |a A szegedi iskolabotrány újabb állomásai   |h [elektronikus dokumentum] :  |b Az iskolák kérdése: ki fog a szülők elé állni? /  |c  Panek József 
260 |c 1996-01-24 
300 |a 1, 5 
490 0 |a Délmagyarország  |v 86 No. 20 
695 |a nevelés, oktatás